F1 Drivers 2021 - Statistics

General Stats
  • This quiz has been taken 49 times
    46 since last reset
  • The average score is 16 of 21
Answer Stats
Hint Answer % Correct
Mercedes Lewis Hamilton
100%
Mercedes Valteri Bottas
98%
Ferrari Carlos Sainz
95%
Mclaren Daniel Ricciardo
95%
Aston Martin Lance Stroll
95%
Ferrari Charles Leclerc
93%
Mclaren Lando Norris
93%
Red bull Max Verstappen
93%
Red bull Sergio Perez
93%
Alpine Estaban Ocon
90%
Alpine Fernando Alonso
90%
Alphatauri Pierre Gasly
88%
Alphatauri Yuki Tsunoda
88%
Williams George Russell
86%
Williams Nicholas Latifi
86%
Aston Martin Sebastian Vettel
86%
Alfa Romeo Kimi Raikkonen
81%
Haas Nikita Mazepin
26%
Bonus: Alfa Romeo Robert Kubica
24%
Alfa Romeo Antonio Giovinacci
5%
Haas Mick Shumacher
5%
No matching quizzes found
Score Distribution
Percent of People with Each Score
Percentile by Number Answered
Your Score History
You have not taken this quiz since the last reset